000 00792nas a2200241 454500
001 36132
005 20260407193509.0
008 260407s1989####ag###########|||spa#d
003 AR-UNSa-BCEJYS
040 _aAR-UNSa-BCEJYS
_bspa
_cAR-UNSa-BCEJYS
080 _a504
_xCiencias del medio ambiente. Ciencias medioambientales
245 1 0 _aEl Bermejo y el país
264 1 _aBuenos Aires :
_bCOREBE
_c1989
310 _aFrecuencia: Trimestral
041 _aspa
942 _cSER
590 _aniveau_biblio:s niveau_hierar:1
100 1 _aComisión Regional del Río Bermejo (COREBE)
650 _aRecursos naturales
650 _aCondiciones económicas
650 _aMedio ambiente
856 4 1 _uhttps://biblioeco.unsa.edu.ar/pmb/images/revistas/elBermejo.jpg
_yImagen de portada
_qimage/jpeg
999 _c8778
_d8778